000 00535nam a2200169 i 4500
001 50147
003 ES-MaACL
005 20230906162130.0
007 t|
008 030731s1963 sp ||||1| spa d
100 1 _aCronbach, Lee J.
_941690
245 1 0 _aFundamentos de la exploración psicológica /
_cde Lee J. Cronbach ; traducido del inglés por Alfonso Alvarez Villar.
260 _aMadrid :
_b[s.n.],
_c1963.
300 _a654 p. ;
_c25 cm.
700 1 _aAlvarez Villar, Alfonso.
_920998
852 _aES-MaACL
_jC-24007
_bR.52932
999 _c50147
_d50147